'L' Countries by Length Quiz Stats

Quiz Updated Mar 15, 2015

Challenge
Share
Tweet
Embed
Score 0/7 Timer 01:00
0 Plays Today
Length Country/Countries % Correct
4Laos
91%
7Lebanon, Lesotho, Liberia
86.7%
9Lithuania
80.7%
6Latvia
77.6%
5Libya
73.4%
10Luxembourg
72.7%
13Liechtenstein
70.1%

You're not logged in!

Compare scores with friends on all Sporcle quizzes.
Sign Up with Email
OR
Log In

You Might Also Like...

Show Comments

Extras

Top Quizzes Today


Score Distribution

Your Account Isn't Verified!

In order to create a playlist on Sporcle, you need to verify the email address you used during registration. Go to your Sporcle Settings to finish the process.